Statistics for Places Mentioned in the Song "Big Enough"

Click here to take the quiz!

General Stats

  • This quiz has been taken 3 times
  • The average score is 20 of 27

Answer Stats

Lyrics% Correct
From {Australia} (AAAH)
100%
{South Africa}
100%
And {Russia}
100%
and {China}
100%
All of {Asia}
100%
{Jamaica}, we'll take ya
100%
{Indonesia}
100%
Oh {Canada}
100%
In {Croatia}
100%
{Cuba},
100%
get it {India}
100%
to {America}
100%
For {Africa},
100%
{Nigeria}
67%
{Algeria},
67%
{North Korea}
67%
Believe in us {Bolivia}
67%
{South Korea},
67%
It's serious in {Syria}
67%
{Kenya}
67%
To {Florida} and catch you later
67%
We're {Ghana} be big enough
33%
{Antarctica},
33%
Around the {Equator}
33%
and {Serbia}
33%
and {Great Britain}
33%
{Europe}
33%

Score Distribution

Percentile by Number Answered

Percent of People with Each Score

Your Score History

You have not taken this quiz